| 000 | 00744nam a2200241 i 4500 | ||
|---|---|---|---|
| 001 | 103624 | ||
| 003 | ES-MaACL | ||
| 005 | 20231229063026.0 | ||
| 007 | t| | ||
| 008 | 060425s1977 sp ||||1| spa d | ||
| 020 | _a84-320-0278-X | ||
| 080 | _a32(460)"1975/..." | ||
| 100 | 1 |
_aCierva, Ricardo de la, _d1926-2015 _938790 |
|
| 245 | 1 | 0 |
_aCrónicas de la confusión : _blo que va de noviembre a noviembre / _cRicardo de la Cierva. |
| 250 | _a1ª ed. | ||
| 260 |
_aBarcelona : _bPlaneta, _c1977. |
||
| 300 |
_a348 p. : _bil. ; _c21 cm. |
||
| 490 | 1 |
_aTextos ; _v21 |
|
| 651 | 4 |
_aEspaña- _xPolítica y gobierno- _y1975-1982. _98447 |
|
| 830 | 1 |
_aTextos ; _v21 _9179017 |
|
| 852 | 4 |
_aES-MaACL _jC-56854 |
|
| 999 |
_c103624 _d103624 |
||